كيف تكتب بحثا علميا وتنشره / (Record no. 24872)
[ view plain ]
| 000 -الفاتح | |
|---|---|
| حقل البيانات ثابتة الطول | 01646nam a22003615a 4500 |
| 003 - محدد رقم الضبط | |
| رقم الضبط | OSt |
| 005 - وقت وتاريخ اخر تعامل مع التسجيلة | |
| رقم الضبط | 20201124142041.0 |
| 008 - عناصر البيانات ثابتة الطول - معلومات عامة | |
| حقل البيانات ثابتة الطول | 170517s2013 ua fr 000 00 ara d |
| 015 ## - | |
| -- | 2008 / 20227 |
| 020 ## - الرقم الدولى المعيارى للكتب | |
| الرقم الدولى المعيارى للكتاب | 9774274210 |
| 040 ## - مصدر الفهرسة | |
| وكالة الفهرسة الأصلية | EG-ScBUE |
| لغة الفهرسة | ara |
| وكالة النسخ | EG-ScBUE |
| وكالة التعديل | EG-ScBUE |
| 041 1# - رمز اللغة | |
| رمز لغة النص/ المسارات الصوتية أو العنوان الانفرادي | ara |
| رمز لغة الترجمات و/او الاصلية المتوسطة للنص | eng |
| 082 04 - رقم تصنيف ديوى العشرى | |
| رقم التصنيف | 001.4 |
| رقم المادة | د ا ي |
| رقم الطبعة | 22 |
| 100 1# - المدخل الرئيسى - إسم شخصى | |
| الإسم الشخصى | داي، روبرت أ.، |
| التواريخ المصاحبة للاسم | 1924- |
| 240 10 - العنوان الموحد | |
| عنوان موحد | How to write and publish a scientific paper. |
| لغة العمل | Arabic. |
| 245 10 - بيان العنوان | |
| العنوان | كيف تكتب بحثا علميا وتنشره / |
| بيان المسئوليه,etc | تأليف روبرت أ. داي، باربرا جاستيل ؛ ترجمة محمد إبراهيم حسن، أمجد عبد الهادي الجوهري، خالد عبد الفتاح محمد ؛ مراجعة وتقديم محمد فتحي عبد الهادي. |
| 250 ## - بيان الطبعة | |
| بيان الطبعة | ط. 2. |
| 260 ## - PUBLICATION, DISTRIBUTION, ETC. (IMPRINT) | |
| مكان الناشر او الموزع | القاهرة : |
| اسم الناشر او الموزع | الدار المصرية اللبنانية، |
| تاريخ النشر أو التوزيع | 2013. |
| 300 ## - الوصف المادى | |
| التعداد | 333 ص. ؛ |
| أبعاد الوعاء | 24 سم. |
| 500 ## - تبصرة عامة | |
| تبصرة عامة | يشتمل على قائمه مصطلحات. |
| 504 ## - تبصرة ببليوجرافية | |
| تبصرة ببليوجرافية,الخ | يشتمل على إرجاعات ببليوجرافية. |
| 546 ## - تبصرة اللغة | |
| تبصرة اللغة | النص باللغة العربية ؛ مترجم من اللغة الإنجليزية. |
| 650 #7 - المدخل الاضافى بالموضوع-مصطلح موضوعى | |
| مصدر الرأس أو المصطلح | BUEsh |
| مصطلح موضوعي أو اسم جغرافي كعنصر مدخل | البحث. |
| 650 #7 - المدخل الاضافى بالموضوع-مصطلح موضوعى | |
| مصدر الرأس أو المصطلح | BUEsh |
| مصطلح موضوعي أو اسم جغرافي كعنصر مدخل | الكتابة العلمية. |
| 651 ## - المدخل الاضافى بالموضوع - اسم جغرافى | |
| مصدر الرأس أو المصطلح | BUEsh |
| 653 ## - مصطلح تكشيفى غير مقيد | |
| Resource For college | Generalities |
| Arrived date list | May2017 |
| 700 1# - المدخل الاضافى - اسم شخصى | |
| الإسم الشخصى | جاستيل، باربرا، |
| 700 1# - المدخل الاضافى - اسم شخصى | |
| الإسم الشخصى | حسن، محمد إبراهيم، |
| الدور | مترجم. |
| 700 1# - المدخل الاضافى - اسم شخصى | |
| الإسم الشخصى | الجوهري، أمجد عبد الهادي، |
| الدور | مترجم. |
| 700 1# - المدخل الاضافى - اسم شخصى | |
| الإسم الشخصى | محمد، خالد عبد الفتاح، |
| الدور | مترجم. |
| 700 1# - المدخل الاضافى - اسم شخصى | |
| الإسم الشخصى | عبد الهادي، محمد فتحي، |
| الدور | مراجع. |
| 942 ## - عناصر المدخل الإضافي( كوها) | |
| مصدر التصنيف او مخطط الترفيف | Dewey Decimal Classification |
| حالة التراجع | حالة الفقد | مصدر التصنيف او خطة الترفيف | حالة تلف | ليس للاعارة | مجموعات كوها | المكان الدائم | المكان الحالي | موقع الترفيف | تاريخ الاكتساب | Source of acquisition | سعر الشراء الطبيعي | تعداد مسلسل / التسلسل الزمني | رقم الاستدعاء | الباركود | Date last seen | التكلفة | نوع الوعاء |
|---|---|---|---|---|---|---|---|---|---|---|---|---|---|---|---|---|---|
| Dewey Decimal Classification | Central Library | Central Library | Lower Floor | 23/05/2017 | Purchase | 70.00 | 4587 | 001.4 د ا ي | 000041884 | 15/07/2025 | 88.00 | Book - Borrowing |